ABITARE MANNUAL-2 (Record no. 12965)

MARC details
000 -LEADER
fixed length control field 00313nam a22001457a 4500
003 - CONTROL NUMBER IDENTIFIER
control field SGT
020 ## - INTERNATIONAL STANDARD BOOK NUMBER
International Standard Book Number 2-88046-064-6
082 ## - DEWEY DECIMAL CLASSIFICATION NUMBER
Classification number 645
Item number A87L
100 ## - MAIN ENTRY--PERSONAL NAME
Personal name LATIS, SILVIA
245 ## - TITLE STATEMENT
Title ABITARE MANNUAL-2
260 ## - PUBLICATION, DISTRIBUTION, ETC. (IMPRINT)
Place of publication, distribution, etc NEW DELHI
Name of publisher, distributor, etc ABITARE PUB
Year of Publication 1987
300 ## - PAGE DESCRIPTION
No. of Pages 287
650 ## - SUBJECT ADDED ENTRY--TOPICAL TERM
Topical term or geographic name as entry element HOTEL MANAGEMENT
942 ## - ADDED ENTRY ELEMENTS (KOHA)
Source of classification or shelving scheme Dewey Decimal Classification
Koha item type Books
Holdings
Withdrawn status Lost status Source of classification or shelving scheme Damaged status Not for loan Collection code Home library Current library Shelving location Date acquired Vendor Name SGTU Bill Number Total Checkouts Full call number Accession No. (Barcode) Date last seen Bill Date Koha item type
    Dewey Decimal Classification     HOTEL MANAGEMENT SGT Science & Social Sciences Library SGT Science & Social Sciences Library Text Book 11/08/2017 JINDAL BOOK SERVICE SGTU 1775   645 A87L HM747 11/08/2017 07/09/2015 Books